[Event "Verbandsliga Nordbaden 1920"]
[Site "Baden"]
[Date "2020.02.02"]
[Round "5.7"]
[White "Maehrlein, Christoph"]
[Black "Schlager, Thomas"]
[Result "0-1"]
[WhiteElo "2067"]
[BlackElo "2211"]
[PlyCount "94"]
[EventDate "2019.09.29"]
[EventType "team-tourn"]
[EventRounds "9"]
[EventCountry "GER"]
[SourceTitle "EXT 2021"]
[Source "ChessBase"]
[SourceDate "2020.10.23"]
[SourceVersion "1"]
[SourceVersionDate "2020.10.23"]
[SourceQuality "1"]
[WhiteTeam "Pforzheim"]
[BlackTeam "Karlsruhe"]
[WhiteTeamCountry "GER"]
[BlackTeamCountry "GER"]

1. c4 e6 2. Nc3 Nf6 3. d4 d5 4. cxd5 exd5 5. Bg5 Be7 6. e3 0-0 7. Bd3 Nbd7 8. Nf3 c6 9. Qc2 Re8 10. 0-0 h6 11. Bxf6 Nxf6 12. Ne5 Ng4 13. Bh7+ Kf8 14. Nxf7 Kxf7 15. Bg6+ Kg8 16. Bxe8 Qxe8 17. h3 Nf6 18. Rae1 Bd6 19. f4 Qh5 20. e4 dxe4 21. Nxe4 Nxe4 22. Rxe4 Bf5 23. Qb3+ Qf7 24. Re3 Qxb3 25. Rxb3 b6 26. a3 Be6 27. Rc3 Bd5 28. f5 Re8 29. Rc2 Re4 30. f6 g5 31. f7+ Kg7 32. Rcf2 Rf4 33. f8Q+ Rxf8 34. Rxf8 Bxf8 35. g3 Bd6 36. Kf2 h5 37. Rc1 h4 38. g4 Kf6 39. b4 Bg3+ 40. Kf1 Ke6 41. Rc2 Kd6 42. Kg1 Be4 43. Rd2 Kd5 44. Rd1 Kc4 45. Kf1 Bd3+ 46. Kg2 Kxd4 47. Kf3 c5 0-1

[Event "Oberliga Baden 1213"]
[Site "Baden"]
[Date "2013.03.17"]
[Round "8.6"]
[White "Friedel, Marcus"]
[Black "Schlager, Thomas"]
[Result "1/2-1/2"]
[WhiteElo "2132"]
[BlackElo "2241"]
[PlyCount "34"]
[EventDate "2012.10.14"]
[EventType "team-tourn"]
[EventRounds "9"]
[EventCountry "GER"]
[SourceTitle "EXT 2014"]
[Source "ChessBase"]
[SourceDate "2013.11.20"]
[SourceVersion "1"]
[SourceVersionDate "2013.11.20"]
[SourceQuality "1"]
[WhiteTeam "Ettlingen"]
[BlackTeam "Karlsruhe"]
[WhiteTeamCountry "GER"]
[BlackTeamCountry "GER"]

1. e4 e5 2. Nf3 Nc6 3. Bc4 Bc5 4. c3 Nf6 5. d3 a6 6. 0-0 d6 7. Bb3 Ba7 8. Nbd2 0-0 9. h3 Ne7 10. d4 Ng6 11. Re1 Re8 12. Ng5 Re7 13. dxe5 Nxe5 14. Nf1 Qe8 15. Ng3 h6 16. Nf3 Ng6 17. Bc2 Bd7 1/2-1/2

[Event "Oberliga Baden 1112"]
[Site "Germany"]
[Date "2012.02.26"]
[Round "7.6"]
[White "Welz, Thomas"]
[Black "Schlager, Thomas"]
[Result "1/2-1/2"]
[WhiteElo "2207"]
[BlackElo "2262"]
[PlyCount "57"]
[EventDate "2011.10.02"]
[EventType "team-tourn"]
[EventRounds "9"]
[EventCountry "GER"]
[SourceTitle "EXT 2013"]
[Source "ChessBase"]
[SourceDate "2012.11.22"]
[SourceVersion "1"]
[SourceVersionDate "2012.11.22"]
[SourceQuality "1"]
[WhiteTeam "Eppingen II"]
[BlackTeam "Karlsruhe"]
[WhiteTeamCountry "GER"]
[BlackTeamCountry "GER"]

1. Nf3 d5 2. d4 Nf6 3. c4 e6 4. Nc3 Be7 5. e3 0-0 6. Bd3 dxc4 7. Bxc4 c5 8. 0-0 cxd4 9. exd4 Nc6 10. Be3 b6 11. Rc1 Bb7 12. a3 Rc8 13. Qe2 Na5 14. Ba2 Ne4 15. Nxe4 Bxe4 16. Ne5 Nc6 17. Qa6 Nxe5 18. dxe5 Bd3 19. Qxc8 Qxc8 20. Rxc8 Rxc8 21. Rc1 Rxc1+ 22. Bxc1 Bc5 23. Be3 Bxe3 24. fxe3 Kf8 25. Kf2 Be4 26. g3 Ke7 27. Ke2 Kd7 28. Kd2 Kc6 29. Kc3 1/2-1/2

[Event "Oberliga Baden 1011"]
[Site "Baden"]
[Date "2011.01.16"]
[Round "5.7"]
[White "Serafimov, Tervel"]
[Black "Schlager, Thomas"]
[Result "1-0"]
[WhiteElo "2420"]
[BlackElo "2276"]
[PlyCount "69"]
[EventDate "2010.10.10"]
[EventType "team-tourn"]
[EventRounds "9"]
[EventCountry "GER"]
[SourceTitle "EXT 2012"]
[Source "ChessBase"]
[SourceDate "2011.11.24"]
[SourceVersion "1"]
[SourceVersionDate "2011.11.24"]
[SourceQuality "1"]
[WhiteTeam "Buchen"]
[BlackTeam "Karlsruhe"]
[WhiteTeamCountry "GER"]
[BlackTeamCountry "GER"]

1. c4 e6 2. g3 d5 3. Nf3 dxc4 4. Bg2 Nd7 5. 0-0 Ngf6 6. Qc2 a6 7. a4 Rb8 8. Qxc4 b5 9. axb5 axb5 10. Qc2 c5 11. d4 Bb7 12. Bf4 Rc8 13. Qb3 Qb6 14. Na3 Bc6 15. Ne5 Bxg2 16. Kxg2 cxd4 17. Nxb5 Bc5 18. Nc4 Qc6+ 19. Kg1 0-0 20. Rfc1 Qd5 21. Nd2 Qh5 22. Bd6 Bxd6 23. Rxc8 Rxc8 24. Nxd6 Rb8 25. Qc4 Qd5 26. Qxd5 Nxd5 27. Ra7 Ne5 28. b3 f6 29. N2c4 Nxc4 30. bxc4 Nc3 31. Kf1 e5 32. c5 Nb5 33. Nxb5 Rxb5 34. c6 Rb8 35. Rd7 1-0